Language Quiz

Random Language or Letter Quiz

No Head'S' No Tails Quiz Stats

 Plays Quiz not verified by Sporcle

Challenge
Share
Tweet
Embed
Score 0/24 Timer 06:00
0 Plays Today
S+ Clue Answer % Correct
(S_M) Hebrew greetingSHALOM → HALO
96.3%
(S_I) African animal tourSAFARI → AFAR
95.6%
(S_W) Not deepSHALLOW → HALLO
95.6%
(S_A) Where the 300 are from in '300'SPARTA → PART
93.8%
(S_O) A skimpy male bathing suitSPEEDO → PEED
93.8%
(S_P) Meryl from 'Adaptation'STREEP → TREE
92.5%
(S_E) Put a sword back in its scabbardSHEATHE → HEATH
91.9%
(S_X) Native American from the DakotasSIOUX → IOU
91.9%
(S_Z) Mark who won 7 swimming gold medalsSPITZ → PIT
91.9%
(S_B) An Egyptian beetleSCARAB → CARA
91.3%
(S_V) A rudimentary prison knifeSHIV → HI
91.3%
(S_C) Unmoving, like electricitySTATIC → TATI
88.1%
S+ Clue Answer % Correct
(S_H) Having an even surfaceSMOOTH → MOOT
88.1%
(S_U) 'True' band: ___ BalletSPANDAU → PANDA
88.1%
(S_K) Hillary from 'Boys Don't Cry'SWANK → WAN
86.3%
(S_Y) LXXSEVENTY → EVENT
85.6%
(S_F) A light humorous parodySPOOF → POO
84.4%
(S_T) Magical dexterity: ___ of handSLEIGHT → LEIGH
84.4%
(S_G) In painSMARTING → MARTIN
67.5%
(S_S) Like a bee that cannot 'bite'STINGLESS → TINGLES
60%
(S_L) Ruby is this type of mineralSPINEL → PINE
58.1%
(S_R) Jesse from 'House, MD'SPENCER → PENCE
45%
(S_N) A prostituteSLATTERN → LATTER
30%
(S_D) A long rantSCREED → CREE
26.3%

You're not logged in!

Compare scores with friends on all Sporcle quizzes.
Join for Free
OR
Log In

You Might Also Like...

Show Comments

Extras

Top Quizzes Today


Score Distribution

Your Account Isn't Verified!

In order to create a playlist on Sporcle, you need to verify the email address you used during registration. Go to your Sporcle Settings to finish the process.

Report this User

Report this user for behavior that violates our Community Guidelines.

Details: